Devinez l'État Américain Mystère #12 - Statistiques

Statistiques générales
  • Ce quiz a été pris 209 fois
  • Le résultat moyen est 35 sur 39
Statistiques - réponses
Type de Réponse Réponse % Correct
Lettre Trouvée A
100%
Lettre de l'Alphabet E
100%
Lettre Trouvée N
100%
Lettre Trouvée R
100%
Lettre de l'Alphabet S
100%
Lettre de l'Alphabet I
99%
Lettre de l'Alphabet L
99%
Lettre Trouvée O
99%
Lettre Trouvée K
97%
Lettre de l'Alphabet C
95%
Lettre de l'Alphabet M
95%
Lettre Trouvée T
95%
Lettre Trouvée U
95%
Lettre de l'Alphabet W
95%
Lettre de l'Alphabet Y
95%
Lettre Trouvée D
94%
Lettre de l'Alphabet G
94%
Lettre de l'Alphabet H
93%
Lettre de l'Alphabet V
93%
Lettre de l'Alphabet X
91%
Lettre de l'Alphabet F
90%
Lettre de l'Alphabet B
88%
Lettre de l'Alphabet P
88%
Lettre de l'Alphabet J
86%
Lettre de l'Alphabet Q
86%
Lettre de l'Alphabet Z
86%
Lettre Bien Placée A
83%
Lettre Bien Placée A
83%
Lettre Bien Placée D
83%
Lettre Bien Placée D
83%
Lettre Bien Placée D
83%
État Mystère Dakota du Nord
83%
Lettre Bien Placée K
83%
Lettre Bien Placée N
83%
Lettre Bien Placée O
83%
Lettre Bien Placée O
83%
Lettre Bien Placée R
83%
Lettre Bien Placée T
83%
Lettre Bien Placée U
83%
Aucun quiz correspondant
Distribution des résultats
% des personnes avec chaque résultat
Percentile par nombre de réponses
Votre historique - résultats
Vous n’avez pas pris ce quiz